|
|
|
|
| LEADER |
00000cam a2200000 4500 |
| 001 |
vtls012276754 |
| 003 |
SK-MaSNL |
| 005 |
20260301232201.0 |
| 008 |
251103s2024 xo hoa g 010 0 slo |
| 015 |
|
|
|a SNBA2025/07
|
| 020 |
|
|
|a 9788089287130
|q (viazané)
|
| 040 |
|
|
|a SNK
|b slo
|c SNK
|e rda
|
| 041 |
1 |
|
|a slo
|h hun
|
| 043 |
|
|
|a e-xo---
|
| 044 |
|
|
|a xo
|c SK
|
| 072 |
|
7 |
|a 614.84
|x Požiare. Ochrana pred požiarmi
|2 konspekt
|
| 080 |
|
|
|a 614.842-055.1-027.556
|2 2011
|
| 080 |
|
|
|a 614.842.83
|2 2011
|
| 080 |
|
|
|a 93/94-027.541
|2 2011
|
| 080 |
|
|
|a (437.612)
|2 2011
|
| 080 |
|
|
|a (048.8)
|2 2011
|
| 080 |
|
|
|a (082.2)
|2 2011
|
| 100 |
1 |
|
|a Csiba, László
|4 aut
|9 625420
|
| 245 |
1 |
0 |
|a 150 rokov Dobrovoľného hasičského zboru Šamorín
|c autori: László Csiba, Lajos Presinszky, Alexander Takács
|
| 246 |
3 |
|
|a Sto päťdesiat rokov Dobrovoľného hasičského zboru Šamorín
|
| 246 |
1 |
|
|i Obálkový podnázov:
|a Bohu na slávu, blížnemu na pomoc
|
| 264 |
|
1 |
|a Šamorín
|b Wanted Design
|c 2024
|
| 300 |
|
|
|a 158 strán
|b faksimile, fotografie, tabuľky
|c 30 cm
|
| 336 |
|
|
|a text
|b txt
|2 rdacontent
|
| 336 |
|
|
|a statický obraz
|b sti
|2 rdacontent
|
| 337 |
|
|
|a bez média
|b n
|2 rdamedia
|
| 338 |
|
|
|a zväzok
|b nc
|2 rdacarrier
|
| 500 |
|
|
|a Preložené pravdepodobne z maďarčiny
|
| 650 |
0 |
7 |
|a dobrovoľní hasiči
|2 SNKPH
|9 75564
|
| 650 |
0 |
7 |
|a Volunteer fire fighters
|2 SNKPHeng
|9 309178
|
| 650 |
0 |
7 |
|a hasičské zbory
|2 SNKPH
|9 74452
|
| 650 |
0 |
7 |
|a Fire departments
|2 SNKPHeng
|9 265685
|
| 650 |
0 |
7 |
|a regionálne dejiny
|2 SNKPH
|9 63645
|
| 650 |
0 |
7 |
|a Regional history
|2 SNKPHeng
|9 266493
|
| 651 |
|
7 |
|a Šamorín (Slovensko)
|2 SNKPHgeo
|9 28925
|
| 651 |
|
7 |
|a Šamorín (Slovakia)
|2 SNKPHeng
|9 315775
|
| 655 |
|
7 |
|a monografie
|2 SNKPH
|9 70139
|
| 655 |
|
7 |
|a Monographs
|2 SNKPHeng
|9 120675
|
| 655 |
|
7 |
|a jubilejné publikácie
|2 SNKPH
|9 70339
|
| 655 |
|
7 |
|a Jubilee books
|2 SNKPHeng
|9 281827
|
| 700 |
1 |
|
|a Presinszky, Lajos,
|d 1939-2010
|4 aut
|9 205481
|
| 700 |
1 |
|
|a Takács, Alexander
|4 aut
|9 309281
|
| 700 |
1 |
|
|a Csáderová, Zuzana
|4 trl
|9 625421
|
| 700 |
1 |
|
|a Galina, Sándor
|4 trl
|9 458966
|
| 700 |
1 |
|
|a Ürge, Ľudovít
|4 oth
|9 377652
|
| 700 |
1 |
|
|a Csáder, Tibor
|4 bjd
|4 bkd
|9 625422
|
| 700 |
1 |
|
|a Németh, Árpád
|4 bkd
|4 pht
|9 347634
|
| 700 |
1 |
|
|a Méryová, Alžbeta
|4 pht
|9 625423
|
| 700 |
1 |
|
|a Szinghoffer, Mátyás
|4 pht
|9 625424
|
| 700 |
1 |
|
|a Varga, Szilárd
|4 pht
|9 625425
|
| 852 |
|
|
|a Slovenská národná knižnica
|
| 919 |
|
|
|a 978-80-89287-13-0
|
| 954 |
|
|
|a odborná, vedecká literatúra cudzojazyčná (svetová)
|2 lita
|
| 954 |
|
|
|a odborná, vedecká literatúra pôvodná (slovenská)
|2 lita
|
| 999 |
|
|
|c 960694
|d 962624
|
| 952 |
|
|
|a SNK
|b SNK
|y PREZ
|7 0
|p 17A1574360
|o snkSB 101621
|i snk2025/8195
|8 0
|0 0
|1 0
|4 0
|d 2025-05-21
|f 1
|l 0
|r 2026-02-24 10:17:50
|w 2026-02-24
|